000 00192 a2200097 4500
020 _a9788423312474
041 _aspa
100 _aGaban,Jesus
245 _aEl Payaso y la Princesa
942 _cBK
999 _c31731
_d31729